<?xml version="1.0" encoding="UTF-8"?>
<collection xmlns="http://www.loc.gov/MARC21/slim">
 <record>
  <leader>00703nam a2200217   4500</leader>
  <controlfield tag="001">000008048</controlfield>
  <controlfield tag="003">4229</controlfield>
  <controlfield tag="005">20150812140855.0</controlfield>
  <controlfield tag="008">111013s                               sd</controlfield>
  <datafield tag="100" ind1="0" ind2=" ">
   <subfield code="a">Jean-Marie monier</subfield>
  </datafield>
  <datafield tag="245" ind1="0" ind2="0">
   <subfield code="a">Giáo trình toán</subfield>
   <subfield code="b">Hình học</subfield>
   <subfield code="c">Jean-Marie Monier</subfield>
  </datafield>
  <datafield tag="774" ind1=" " ind2=" ">
   <subfield code="a">Marie Monier-Jean</subfield>
   <subfield code="d">Nhà xuất bản giáo dục</subfield>
   <subfield code="d">Hà Nội</subfield>
   <subfield code="d">1999</subfield>
   <subfield code="g">Tập 5</subfield>
   <subfield code="h">582 tr</subfield>
   <subfield code="w">4260</subfield>
  </datafield>
  <datafield tag="774" ind1=" " ind2=" ">
   <subfield code="a">Marie Monier-Jean</subfield>
   <subfield code="d">Nhà xuất bản giáo dục</subfield>
   <subfield code="d">Hà Nội</subfield>
   <subfield code="d">1999</subfield>
   <subfield code="g">tập 7</subfield>
   <subfield code="h">506 tr</subfield>
   <subfield code="w">4252</subfield>
  </datafield>
  <datafield tag="OWN" ind1=" " ind2=" ">
   <subfield code="a">LSP</subfield>
  </datafield>
  <datafield tag="999" ind1=" " ind2=" ">
   <subfield code="a">From the UDN01</subfield>
  </datafield>
  <datafield tag="TYP" ind1=" " ind2=" ">
   <subfield code="a">Monograph</subfield>
  </datafield>
  <datafield tag="TYP" ind1=" " ind2=" ">
   <subfield code="a">Printed language</subfield>
  </datafield>
  <datafield tag="980" ind1=" " ind2=" ">
   <subfield code="a">Mạng thư viện Đại học Đà Nẵng</subfield>
  </datafield>
 </record>
</collection>
